What makes great leaders great : management lessons form icons who changes the world.

Bibliographic Details
Main Author: Arnold
Format: Book
Published: New York: McGraw-Hill, 2012.
Subjects:
LEADER 00466cam a2200157 7i4500
001 0000028413
005 20130215090000.0
020 0 0 |a 9780071770514  
090 0 0 |a B 658.4092   |b ARN 
100 1 0 |a Arnold  
245 1 0 |a What makes great leaders great :   |b management lessons form icons who changes the world. 
260 0 0 |a New York:   |b McGraw-Hill,   |c 2012. 
300 # # |a 297 p. 
650 0 0 |a Leadership  
650 0 0 |a Executives  
999 |a B000031919  |b Book  |c Book  |e Business Information Centre